000
00308nam a22001337a 4500
082
_a
823
_b
PAI/R
100
_a
PAI, ANANT
245
_a
RABINDRANATH TAGORE
260
_a
MUMBAI
_b
AMAR CHITHRA KATHA
300
_a
31
520
_a
ENGLISH SHORT STORIES
650
_a
ENGLISH SHORT STORIES
_z
MUMBAI
942
_c
BK
999
_c
5266
_d
5266